<?xml version="1.0" encoding="UTF-8"?><?xml-stylesheet type="text/xsl" href="static/style.xsl"?><OAI-PMH xmlns="http://www.openarchives.org/OAI/2.0/" xmlns:xsi="http://www.w3.org/2001/XMLSchema-instance" xsi:schemaLocation="http://www.openarchives.org/OAI/2.0/ http://www.openarchives.org/OAI/2.0/OAI-PMH.xsd"><responseDate>2026-04-14T04:26:21Z</responseDate><request verb="GetRecord" identifier="oai:www.recercat.cat:2117/445757" metadataPrefix="marc">https://recercat.cat/oai/request</request><GetRecord><record><header><identifier>oai:recercat.cat:2117/445757</identifier><datestamp>2025-11-08T05:40:09Z</datestamp><setSpec>com_2072_1033</setSpec><setSpec>col_2072_452951</setSpec></header><metadata><record xmlns="http://www.loc.gov/MARC21/slim" xmlns:dcterms="http://purl.org/dc/terms/" xmlns:xsi="http://www.w3.org/2001/XMLSchema-instance" xmlns:doc="http://www.lyncode.com/xoai" xsi:schemaLocation="http://www.loc.gov/MARC21/slim http://www.loc.gov/standards/marcxml/schema/MARC21slim.xsd">
   <leader>00925njm 22002777a 4500</leader>
   <datafield ind2=" " ind1=" " tag="042">
      <subfield code="a">dc</subfield>
   </datafield>
   <datafield ind2=" " ind1=" " tag="720">
      <subfield code="a">Bisanyes Ossorio, Antoni</subfield>
      <subfield code="e">author</subfield>
   </datafield>
   <datafield ind2=" " ind1=" " tag="260">
      <subfield code="c">2025-07-11</subfield>
   </datafield>
   <datafield ind2=" " ind1=" " tag="520">
      <subfield code="a">El projecte se situa a la conca de la Riera d'Alella. Un territori on trobem rieres seques la major part de l'any que es transformen amb els episodis de pluja abundants, un paisatge vitícola que pateix l'impacte de les sequeres i el monocultiu, i unes urbanitzacions situades dins del bosc, el que genera risc d'incendi. L'objectiu general és rehabilitar el sistema hídric creant un eix social i ecològic des del mar fins a la muntanya, reforçar el mosaic agroforestal per combatre el monocultiu i gestionar el bosc per rebaixar el risc d'incendi forestal.</subfield>
   </datafield>
   <datafield ind2=" " ind1=" " tag="520">
      <subfield code="a">El proyecto se sitúa a la cuenca de la Riera de Alella. Un territorio donde encontramos rieras secas la mayor parte del año que se transforman con los episodios de lluvia abundantes, un paisaje vitícola que sufre el impacto de las sequías y el monocultivo, y unas urbanizaciones situadas dentro del bosque, lo que genera riesgo de incendio. El objetivo general es rehabilitar el sistema hídrico creando un eje social y ecológico desde el mar hasta la montaña, reforzar el mosaico agroforestal para combatir el monocultivo y gestionar el bosque para rebajar el riesgo de incendio forestal.</subfield>
   </datafield>
   <datafield ind2=" " ind1=" " tag="520">
      <subfield code="a">The project is located in the Riera d’Alella basin. A territory where we find dry streams most of the year that are transformed with abundant rain episodes, a wine landscape that suffers the impact of droughts and monoculture, and some urbanizations located within the forest, which generates risk of fire. The general objective is to rehabilitate the water system by creating a social and ecological axis from the sea to the mountain, reinforce the agroforestry mosaic to combat monoculture and manage the forest to reduce the risk of forest fire.</subfield>
   </datafield>
   <datafield ind1="8" ind2=" " tag="024">
      <subfield code="a">http://hdl.handle.net/2117/445757</subfield>
   </datafield>
   <datafield tag="653" ind2=" " ind1=" ">
      <subfield code="a">Àrees temàtiques de la UPC::Urbanisme::Arquitectura del paisatge</subfield>
   </datafield>
   <datafield tag="653" ind2=" " ind1=" ">
      <subfield code="a">Landscape architecture -- Spain -- Alella</subfield>
   </datafield>
   <datafield tag="653" ind2=" " ind1=" ">
      <subfield code="a">Rivers -- Spain -- Alella</subfield>
   </datafield>
   <datafield tag="653" ind2=" " ind1=" ">
      <subfield code="a">Cuenca Alella</subfield>
   </datafield>
   <datafield tag="653" ind2=" " ind1=" ">
      <subfield code="a">Gestión</subfield>
   </datafield>
   <datafield tag="653" ind2=" " ind1=" ">
      <subfield code="a">Mosaico agro-forestal</subfield>
   </datafield>
   <datafield tag="653" ind2=" " ind1=" ">
      <subfield code="a">Hábitat ribera</subfield>
   </datafield>
   <datafield tag="653" ind2=" " ind1=" ">
      <subfield code="a">Rieras</subfield>
   </datafield>
   <datafield tag="653" ind2=" " ind1=" ">
      <subfield code="a">Arquitectura del paisatge -- Catalunya -- Alella</subfield>
   </datafield>
   <datafield tag="653" ind2=" " ind1=" ">
      <subfield code="a">Cursos d'aigua -- Catalunya -- Alella</subfield>
   </datafield>
   <datafield ind2="0" ind1="0" tag="245">
      <subfield code="a">Paisaje resiliente de la cuenca de Alella: gestión, recuperación y reconexión frente al cambio climático</subfield>
   </datafield>
</record></metadata></record></GetRecord></OAI-PMH>